|
|
|
|
| LEADER |
00759naa a2200181 i 4500 |
| 001 |
acta63431 |
| 005 |
20260224081030.0 |
| 008 |
191211s2012 hu o 000 hun d |
| 020 |
|
|
|a 978-963-306-177-0
|
| 040 |
|
|
|a SZTE Egyetemi Kiadványok Repozitórium
|b hun
|
| 041 |
|
|
|a hun
|
| 100 |
1 |
|
|a Takáts József
|
| 245 |
1 |
0 |
|a Utazás egy utazás körül
|h [elektronikus dokumentum] :
|b Jókai turistaúton /
|c Takáts József
|
| 260 |
|
|
|c 2012
|
| 300 |
|
|
|a 360-365
|
| 490 |
0 |
|
|a Médiumok, történetek, használatok: ünnepi tanulmánykötet a 60 éves Szajbély Mihály tiszteletére
|
| 695 |
|
|
|a Jókai Mór, Útleírás, Magyar irodalom története - 19. sz.
|
| 856 |
4 |
0 |
|u http://acta.bibl.u-szeged.hu/63431/1/mediumok_tortenetek_hasznalatok_360-365.pdf
|z Dokumentum-elérés
|